000 00273nam a22001337a 4500
008 181203b xxu||||| |||| 00| 0 eng d
020 _a9780756613587
041 _aeng
080 _a701
100 _a44
101 _aART
245 _aArt
_cCumming,R
942 _2udc
_cBK
999 _c52719
_d52719